Blue Brand Logos - Statistics

General Stats
  • This quiz has been taken 1,723 times
  • The average score is 13 of 19
Answer Stats
Picture Answer % Correct
Twitter
98%
Ford
93%
Facebook
91%
PayPal
84%
Samsung
84%
Skype
82%
Dell
78%
Volkswagen
77%
Dreamworks
74%
Hyundai
70%
Intel
68%
Internet Explorer
65%
Subaru
64%
AT&T
60%
IBM
53%
Gerber
44%
Barclays
35%
Klondike
35%
AOL
23%
No matching quizzes found
Score Distribution
Percent of People with Each Score
Percentile by Number Answered
Your Score History
You have not taken this quiz